Способы передачи фразеологических единиц в переводах романа Шарлоты Бронте "Джейн Эйр"; Коммуникативные аспекты языка и культуры; Ч. 1

ग्रंथसूची विवरण
Parent link:Коммуникативные аспекты языка и культуры: сборник материалов XI Международной научно-практической конференции студентов и молодых ученых, г. Томск, 18-20 мая 2011 г./ Национальный исследовательский Томский политехнический университет (ТПУ) ; под ред. С. А. Песоцкой.— , 2011
Ч. 1.— 2011.— [С. 195-197]
मुख्य लेखक: Ковалева Л. В.
अन्य लेखक: Астамирова Л. С. Любовь Сергеевна (научный руководитель)
सारांश:Заглавие с титульного листа.
Электронная версия печатной публикации.
भाषा:रूसी
प्रकाशित: 2011
श्रृंखला:Теория и практика перевода. Проблемы перевода текстов художественной литературы
विषय:
ऑनलाइन पहुंच:http://www.lib.tpu.ru/fulltext/c/2011/C77/V1/049.pdf
स्वरूप: MixedMaterials इलेक्ट्रोनिक पुस्तक अध्याय
KOHA link:https://koha.lib.tpu.ru/cgi-bin/koha/opac-detail.pl?biblionumber=617289

MARC

LEADER 00000naa2a2200000 4500
001 617289
005 20231102023650.0
035 |a (RuTPU)RU\TPU\conf\15602 
035 |a RU\TPU\conf\15599 
090 |a 617289 
100 |a 20160228d2011 k y0rusy50 ca 
101 0 |a rus 
102 |a RU 
105 |a y z 100zy 
135 |a drgn ---uucaa 
181 0 |a i  
182 0 |a b 
200 1 |a Способы передачи фразеологических единиц в переводах романа Шарлоты Бронте "Джейн Эйр"  |f Л. В. Ковалева  |g науч. рук. Л. С. Астамирова 
203 |a Текст  |c электронный 
215 |a 1 файл (107 Кб) 
225 1 |a Теория и практика перевода. Проблемы перевода текстов художественной литературы 
230 |a Электронные текстовые данные (1 файл : 107 Кб) 
300 |a Заглавие с титульного листа. 
300 |a Электронная версия печатной публикации. 
337 |a Adobe Reader 
461 1 |0 (RuTPU)RU\TPU\conf\8793  |t Коммуникативные аспекты языка и культуры  |o сборник материалов XI Международной научно-практической конференции студентов и молодых ученых, г. Томск, 18-20 мая 2011 г.  |o в 3 ч.  |f Национальный исследовательский Томский политехнический университет (ТПУ) ; под ред. С. А. Песоцкой  |d 2011 
463 1 |0 (RuTPU)RU\TPU\conf\8794  |t Ч. 1  |v [С. 195-197]  |d 2011 
600 1 |a Бронте  |b Ш.  |c английская писательница  |f 1816-1855  |g Шарлотта  |2 stltpush  |3 (RuTPU)RU\TPU\pers\9149  |9 1786 
610 1 |a электронный ресурс 
610 1 |a труды учёных ТПУ 
610 1 |a фразеологические единицы 
610 1 |a переводы 
610 1 |a романы 
610 1 |a Джейн Эйр 
700 1 |a Ковалева  |b Л. В. 
702 1 |a Астамирова  |b Л. С.  |c лингвист-переводчик  |c доцент Томского политехнического университета, кандидат филологических наук  |f 1978-  |g Любовь Сергеевна  |2 stltpush  |4 727 
801 1 |a RU  |b 63413507  |c 20150310 
801 2 |a RU  |b 63413507  |c 20160302  |g RCR 
856 4 |u http://www.lib.tpu.ru/fulltext/c/2011/C77/V1/049.pdf 
942 |c BK